[Event "BCF-chT4S 1920 (4NCL)"]
[Site "England"]
[Date "2020.01.12"]
[Round "4.146"]
[White "Vaidya, Pranav"]
[Black "George, Seb"]
[Result "1/2-1/2"]
[WhiteElo "1194"]
[BlackElo "1250"]
[PlyCount "89"]
[EventDate "2019.11.09"]
[EventType "team-swiss"]
[EventRounds "11"]
[EventCountry "ENG"]
[SourceTitle "EXT 2022"]
[Source "ChessBase"]
[SourceDate "2021.10.06"]
[SourceVersion "1"]
[SourceVersionDate "2021.10.06"]
[SourceQuality "1"]
[WhiteTeam "Barnet Knights IV"]
[BlackTeam "Watford II"]
[WhiteTeamCountry "ENG"]
[BlackTeamCountry "ENG"]

1. c4 e5 2. Nc3 Nf6 3. Nf3 Nc6 4. e4 Bb4 5. d3 d6 6. Be2 h6 7. 0-0 Be6 8. Bd2 Nd4 9. Qa4+ Nc6 10. a3 Bxc3 11. Bxc3 Qd7 12. Qc2 g5 13. d4 exd4 14. Nxd4 Nxd4 15. Bxd4 Ke7 16. Rad1 b6 17. e5 dxe5 18. Bxe5 Qc6 19. Bxf6+ Kxf6 20. Bf3 Qxc4 21. Qb1 Bf5 22. Rc1 Qxf1+ 23. Kxf1 Bxb1 24. Rxb1 Rad8 25. Rc1 c5 26. Rc4 Rd1+ 27. Bxd1 Rd8 28. Ke1 Re8+ 29. Kd2 Rd8+ 30. Kc2 Rd5 31. Bf3 Rf5 32. Rc3 Ke5 33. Rd3 Rf4 34. Rd7 g4 35. Bd1 Rxf2+ 36. Kd3 Rxg2 37. Rxf7 Rxh2 38. Bxg4 Rxb2 39. Rxa7 b5 40. Ra6 b4 41. Rxh6 bxa3 42. Ra6 Rb4 43. Bh5 Rh4 44. Bf7 Rf4 45. Ra7 1/2-1/2

[Event "BCF-chT4S 1718 (4NCL)"]
[Site "England"]
[Date "2018.05.07"]
[Round "11.136"]
[White "Vaidya, Pranav"]
[Black "Woods, Timothy J"]
[Result "0-1"]
[WhiteElo "1197"]
[BlackElo "1642"]
[PlyCount "34"]
[EventDate "2017.11.11"]
[EventType "team-swiss"]
[EventRounds "11"]
[EventCountry "ENG"]
[SourceTitle "EXT 2020"]
[Source "ChessBase"]
[SourceDate "2019.10.17"]
[SourceVersion "1"]
[SourceVersionDate "2019.10.17"]
[SourceQuality "1"]
[WhiteTeam "Barnet Knights IV"]
[BlackTeam "Sussex Martlets III"]
[WhiteTeamCountry "ENG"]
[BlackTeamCountry "ENG"]

1. e4 d6 2. Nc3 g6 3. f4 Nf6 4. Bc4 Bg7 5. Nf3 0-0 6. Bb3 c5 7. d4 cxd4 8. Nxd4 Nc6 9. Be3 Qa5 10. 0-0 Ng4 11. Nxc6 bxc6 12. Bd4 Bxd4+ 13. Qxd4 Rb8 14. Qd3 Qc5+ 15. Kh1 Nf2+ 16. Rxf2 Qxf2 17. Nd1 Qe1+ 0-1

[Event "BCF-chT4S 1718 (4NCL)"]
[Site "England"]
[Date "2017.11.12"]
[Round "2.136"]
[White "Vaidya, Pranav"]
[Black "Jaberansari, Daniel"]
[Result "0-1"]
[WhiteElo "1220"]
[BlackElo "1442"]
[PlyCount "50"]
[EventDate "2017.11.11"]
[EventType "team-swiss"]
[EventRounds "11"]
[EventCountry "ENG"]
[SourceTitle "EXT 2020"]
[Source "ChessBase"]
[SourceDate "2019.10.17"]
[SourceVersion "1"]
[SourceVersionDate "2019.10.17"]
[SourceQuality "1"]
[WhiteTeam "Barnet Knights IV"]
[BlackTeam "Fischer's Catch"]
[WhiteTeamCountry "ENG"]
[BlackTeamCountry "WLS"]

1. e4 e6 2. d4 d5 3. Nc3 Nf6 4. exd5 exd5 5. Bd3 Bd6 6. h3 h6 7. Qf3 0-0 8. Nge2 Nc6 9. 0-0 Nb4 10. Rd1 Nxd3 11. Rxd3 Re8 12. Be3 c6 13. Ng3 Bd7 14. Bd2 Qc7 15. Nce2 Re7 16. Kf1 Rae8 17. Re1 Ne4 18. c3 Bc8 19. Nh5 Qd7 20. g4 g6 21. Qg2 Qe6 22. Nef4 Nxd2+ 23. Kg1 Qxe1+ 24. Kh2 Qe4 25. Qg3 Nf1+ 0-1

[Event "London Classic op U1600 8th"]
[Site "London"]
[Date "2016.12.11"]
[Round "5"]
[White "Desai, Tarun"]
[Black "Vaidya, Pranav"]
[Result "0-1"]
[WhiteElo "1075"]
[BlackElo "835"]
[PlyCount "72"]
[EventDate "2016.12.09"]
[EventType "swiss"]
[EventRounds "5"]
[EventCountry "ENG"]
[SourceTitle "EXT 2019"]
[Source "ChessBase"]
[SourceDate "2018.10.10"]
[SourceVersion "1"]
[SourceVersionDate "2018.10.10"]
[SourceQuality "1"]

1. e4 e5 2. Nf3 Nc6 3. Nc3 Bc5 4. Nxe5 Nh6 5. Bc4 0-0 6. Nxc6 bxc6 7. d3 Bb7 8. Qf3 Qe7 9. 0-0 Rad8 10. Qg3 Kh8 11. Bg5 f6 12. Bxh6 d5 13. exd5 cxd5 14. Rfe1 Qf7 15. Be3 Bb6 16. Bxb6 axb6 17. Bb3 c6 18. Ne4 Qd7 19. Nd2 c5 20. Rad1 Rc8 21. c4 d4 22. h3 f5 23. Qh4 f4 24. Re7 Qc6 25. f3 Rf6 26. Ne4 Rf5 27. Qf2 Rcf8 28. g4 Qg6 29. Qg2 R5f7 30. Rxf7 Rxf7 31. Re1 Re7 32. Qd2 Qh6 33. Kg2 g6 34. Nd6 Bxf3+ 35. Kh2 Qh4 36. Rxe7 Qg3# 0-1